Quizzes
Events
Quiz Creation
Community
Videos
Private Events
Remove Ads
Sign In
Join for FREE
Feedback
Dark Mode
Quiz Categories
Sports
Geography
Music
Movies
Television
Just For Fun
Miscellaneous
History
Literature
Language
Science
Gaming
Entertainment
Religion
Holiday
For Kids
Quiz Lab
Recent
Popular Today
Quiz Kudos Today
Editor Picks
Curator Picks
Quizzes by...
Day
Popularity
Type
Ratings
Length
Year
Community
Subscriptions
Recent Discussions
Orange Saloon
Badges
Playlists
Quests
Create
Leaderboards
Showdown
Live 5
Trivia Bingo
Activity
Puzzle Library
Sporcle Events
Private Events
Virtual Trivia
Globe League
Become a Host
Pub Owners
SporcleCon
Opinionation
Our Games
Videos
Blog
Mobile Apps
Partnerships
Remove Ads and Go Orange
Feedback
Language
Vocabulary
Begins and Ends
Definition
Spanish
French
German
Italian
Chinese
Latin
Translation
Japanese
Language
Vocabulary
Begins and Ends
Definition
Spanish
French
German
Italian
Chinese
Latin
Translation
Japanese
Random Quiz
Search Sporcle
×
Quiz Lab
Quiz Lab
Language
Spanish
Type in answers that appear in a list
Type in answers that appear in a list
Classic
Best Score? Go Orange.
LJS La moda Vocab Stats
Can you name the LJS La moda Vocab
By
BenFox95
10m
41 Questions
1 Play
1 Plays
1 Plays
Comments
Comments
Give Quiz Kudos
Give Quiz Kudos
-
- Ratings
hide this ad
Replay
Link that replays current quiz
Next Quiz
Link to next quiz in quiz playlist
You Got
0%
They Got
Avg Score
12%
Avg Friend Score
Upgrade to see
Score Distribution
Jump to the score distribution portion of the page
Score
0/41
Timer
10:00
0
Plays Today
English
Spanish Translation
% Correct
after all
al fin y al cabo
100%
old-
fashioned
anticuado
100%
sexual development
el desarollo sexual
100%
a model (of item, product)
un modelo
100%
a fashion model
una modelo
100%
to quote
citar
0%
plastic surgery
la cirugía plástica
0%
in accordance with
conforme a
0%
to count on, depend on
contar con
0%
twee, pretentious
cursi
0%
quality
de calidad
0%
slimness
la delgadez
0%
dazzling
deslumbrante
0%
print (fabric)
el estampado
0%
trendy
exquisito
0%
focus
el foco
0%
range
la gama
0%
coarse, thick (material)
grueso
0%
to make an effort
hacer un esfuerzo
0%
provocative
incitante
0%
work-
related
laboral
0%
English
Spanish Translation
% Correct
to launch
lanzar
0%
a make-
up person
el maquillador
0%
by means of
mediante
0%
to bring about, cause
ocasionar
0%
to disguise, conceal
ocultar
0%
aimed at
orientado a
0%
catwalk
la pasarela
0%
to belong
pertenecer
0%
painted
pintado
0%
full of
poblado de
0%
front page/
cover
la portada
0%
an item of clothing
una prenda
0%
to show something off
presumir de algo
0%
to get the most out of
sacar el mayor partido
0%
it's a huge hit
se lleva un montón
0%
a fabric, material
una tela
0%
to have a good figure
tener buen tipo
0%
to swallow
tragar
0%
latest
último
0%
male
el varón
0%
Quiz Playlist
Details
Report
Send in Message
Add To Playlist
Classic:
Type in answers that appear in a list
Last Updated: Feb 16, 2017
Quiz Scoreboard
CHALLENGE
Sign Up to Join the Scoreboard
Show All
Scores
Hide
Comments
May contain spoilers
Recently Published
Movies - When Are They Set?
by FPL_Elf
Movies
5m
Popular People in 1961
by mucciniale
History
6m
1-10 Letter E Words III
by El_Dandy
Language
2m
More to Explore
Quiz From the Vault
Featured Blog Post
Where Did the Easter Bunny Come From?
hide this ad
You Might Also Like...
Tags
Spanish Quiz
Translation Quiz
English
Today's Top Quizzes in Language
Browse Language
hide this ad
Today's Top Quizzes in Spanish
Browse Spanish
Top Contributed Quizzes in Language
1
Order Up: Top 10 Most Native Spoken Languages
2
1-10 Letter F Words III
3
1-10 Letter G Words III
4
1-10 Letter H Words III
5
One Thing in Common: Italy
6
1-10 Letter I Words III
7
Begins and Ends With AN
8
Weisst du, aus welchen Sprachen diese Wörter stammen?
9
Hiragana Speed Reading
10
1-10 Letter J Words III
Explore More
Trending Topics
Anime
Harry Potter
Marvel
NBA
Disney
Crossword
Kpop
Song
NFL
Soccer
WWE
Pokémon
The Office
Puzzle
Country
hide this ad
More By:
BenFox95
Quiz
Plays
Rating
Category
Featured
Created
LJS La moda Vocab
1
Language
Jan 23, 2014
MBC Los Medios Vocab
0
Language
Jan 24, 2014
Go to Creator's Profile
Score Distribution
Quiz Creator Spotlight
BenFox95
Follow
Send a Message
Quizzes Created
-
Created Quiz Play Count
-
More By This Creator
Popular Quizzes Today
1
Find the Countries of Europe - No Outlines Minefield
2
Find the US States - No Outlines Minefield
3
The Countries of the World
4
Popular People in 1961
5
1-10 Letter E Words III
6
US States
7
Find the US States
8
One Thing in Common: World Cities II
More Language Quizzes
1940s Slang
Published
Trending Quizzes
Risky Map Clicking: Least Populous States A-Z
1-10 Letter F Words
Humor Books: The Subtitles
1-10 Letter G Words
One Thing in Common: United Kingdom
Recently Updated
Leaping Animals
pecheneg
Reality TV Shows (A-Z)
bhenderson79
Rickey Henderson's Hall of Fame Teammates
pecheneg
Champions League XIs: Arsenal
pecheneg
Quick Pick: Celebrities in WWE's Hall of Fame
aduchscher
A-Z Keypad Blitz II
pecheneg
Multiple Oscar Actors
pecheneg
Mystery Phrase Blitz: Oscar 'Best Actors'
pecheneg
F. Scott Fitzgerald Novels
LTH
Pick 3 Villains
ddd62291
Trending Topics
Disney
Marvel
Harry Potter
NBA
Anime
Crossword
Kpop
Country
NFL
WWE
Song
The Office
Puzzle
Pokémon
Soccer
Your Account Isn't Verified!
In order to create a playlist on Sporcle, you need to verify the email address you used during registration. Go to your
Sporcle Settings
to finish the process.
Report this User
Report this user for behavior that violates our
Community Guidelines
.
Details:
Send Report
Go to the Sporcle.com Mobile Site →
Comments